LIBRARY & INFORMATION CENTRE, KCAET, TAVANUR

ONLINE PUBLIC ACCESS CATALOGUE (OPAC)

Plans and prospects of social welfare in India (1951-61) / (Record no. 2323)

MARC details
000 -LEADER
fixed length control field 00344cam a2200133ua 4500
003 - CONTROL NUMBER IDENTIFIER
control field OSt
008 - FIXED-LENGTH DATA ELEMENTS--GENERAL INFORMATION
fixed length control field 221107b |||||||| |||| 00| 0 eng d
041 ## - LANGUAGE CODE
Language code of text/sound track or separate title eng
082 ## - DEWEY DECIMAL CLASSIFICATION NUMBER
Classification number 338.9
Item number PLA/PL
245 ## - TITLE STATEMENT
Title Plans and prospects of social welfare in India (1951-61) /
260 ## - PUBLICATION, DISTRIBUTION, ETC. (IMPRINT)
Place of publication India :
Name of publisher Planning Commission ,
Year of publication 1968.
300 ## - PHYSICAL DESCRIPTION
Number of Pages 254.
942 ## - ADDED ENTRY ELEMENTS (KOHA)
Koha item type Books
Holdings
Withdrawn status Lost status Damaged status Home library Current library Date acquired Full call number Accession Number Koha item type
Withdrawn     KAUAET Sanskrit University 07/04/2012 338.9 9746 Books
Withdrawn     KAUAET Sanskrit University 07/04/2012 338.9 9747 Books
free website counter